000 00710nam a2200289Ia 4500
005 20260324144356.0
008 008 260324s9999 xx 000 0 eng d
020 _a9781315174778
037 _aEBOOK
040 _aCRL
040 _beng
040 _cCRL
041 _2eng
041 _aeng
084 _qCRL
100 _aChristine Heward
_91219088
245 0 _aMaking a Man of Him
245 0 _bParents and Their Sons' Education at an English Public School 1929-50
260 _bTaylor and Francis
260 _c1988
365 _a
365 _b180
856 _uhttp://www.taylorfrancis.com/books/9781315174778
942 _cEBOOK
999 _c1825630
_d1825630